VII censo nacional de población y vivienda 1993 : (Registro nro. 27275)
[ vista simple ]
| 000 -CABECERA | |
|---|---|
| campo de control de longitud fija | 00856nam a2200169 a 4500 |
| 001 - NÚMERO DE CONTROL | |
| campo de control | 000027783 |
| 005 - FECHA Y HORA DE LA ÚLTIMA TRANSACCIÓN | |
| campo de control | 20200930031107.0 |
| 008 - DATOS DE LONGITUD FIJA--INFORMACIÓN GENERAL | |
| campo de control de longitud fija | 091209s1994 dr ab 000 0 spa d |
| 040 ## - FUENTE DE LA CATALOGACIÓN | |
| Centro catalogador/agencia de origen | DO-SdBNP |
| Lengua de catalogación | spa |
| Centro/agencia transcriptor | BNPHU |
| 082 ## - NÚMERO DE LA CLASIFICACIÓN DECIMAL DEWEY | |
| Número de clasificación | xxx |
| Número de documento/Ítem | R426c |
| 049 ## - FONDOS LOCALES (OCLC) | |
| Fondos de biblioteca | BNPD |
| 110 1# - ENTRADA PRINCIPAL--NOMBRE DE ENTIDAD CORPORATIVA | |
| Nombre de entidad corporativa o nombre de jurisdicción como elemento de entrada | República Dominicana . |
| Unidad subordinada | Secretariado Técnico de la Presidencia, |
| -- | Oficina Nacional de Estadística |
| 9 (RLIN) | 10866 |
| 245 10 - MENCIÓN DE TÍTULO | |
| Título | VII censo nacional de población y vivienda 1993 : |
| Resto del título | resultados preliminares de la población según sexo, edad y vivienda República Dominicana. |
| 246 10 - FORMA VARIANTE DE TÍTULO | |
| Título propio/Titulo breve | Séptimo censo nacional de población y vivienda 1993 : |
| Resto del título | resultados preliminares de la población según sexo, edad y vivienda República Dominicana |
| 260 ## - PUBLICACIÓN, DISTRIBUCIÓN, ETC. | |
| Lugar de publicación, distribución, etc. | Santo Domingo : |
| Nombre del editor, distribuidor, etc. | Secretariado Técnico de la Presidencia, Oficina Nacional de Estadística, |
| Fecha de publicación, distribución, etc. | 1994. |
| 300 ## - DESCRIPCIÓN FÍSICA | |
| Extensión | 127 P. ; : |
| Otras características físicas | il., map. ; |
| Dimensiones | 28 cm. |
| Estado de retiro | Estado de pérdida | No para préstamo | Código de colección | Localización permanente | Ubicación/localización actual | Ubicación en estantería | Fecha de adquisición | Número de inventario | Total de préstamos | Signatura topográfica completa | Código de barras | Fecha visto por última vez | Precio válido a partir de | Tipo de ítem Koha |
|---|---|---|---|---|---|---|---|---|---|---|---|---|---|---|
| Excluido de préstamo | Patrimonio Dominicano | Patrimonio Dominicano | Patrimonio Dominicano | En catalogación | 04.04.2011 | LF1 | xxx R426c | 27783-10 | 25.06.2020 | 25.06.2020 | Libro y Folleto Colección Patrimonio Dominicano |
